| 000 | 00477nam a2200145 i 4500 | ||
|---|---|---|---|
| 001 | 75241 | ||
| 003 | ES-MaACL | ||
| 005 | 20230906172400.0 | ||
| 007 | t| | ||
| 008 | 040923s1916 sp ||||1| spa d | ||
| 100 | 1 |
_aGrahit Grau, José. _959531 |
|
| 245 | 1 | 0 |
_aAsociación de periodistas de Gerona _b: memoria / _credactada por José Grahit Grau y aprobada en la Junta General el día 26 de diciembre de 1915. |
| 260 |
_aGerona : _b[s.n., _c1916] |
||
| 852 |
_aES-MaACL _j1527-F-14 |
||
| 999 |
_c75241 _d75241 |
||